000 00549nam a22001937a 4500
005 20150623123405.0
010 _aENG-112878
020 _c200.00
_a9788172764357
035 _aEN-96410
037 _bDBAD/PUB
082 _aN
100 _aMunshi,K.M.
245 _aLomaharshini /
_cby K.M. Munshi ; translated into English by Atul Kumar Jain
260 _aMumbai
_bBharatiya Vidya Bhawan
_c2010
270 _aKulapati Munshi Marg,
_bMumbai
_e400007
300 _aix,302p.
_c22cm(pbk)
700 _aJain, Atul Kumar
942 _2ddc
_cEN
_mMUN
_hN
999 _c93367
_d93367